| 000 | 01080cam a2200193 4500 | ||
|---|---|---|---|
| 001 | L130887 | ||
| 008 | 050912n2005 000 0 eng u | ||
| 035 | _a(Sirsi) u130887 | ||
| 041 | 0 | _aeng | |
| 110 |
_aOffice of the Deputy Prime Minister _94685 |
||
| 245 |
_aCodes of practice for student accommodation _bapproved codes under section 233 of the Housing Act 2004 |
||
| 260 |
_aLondon _bODPM _c2005 |
||
| 520 | _aThis ODPM consultation seeks final views on the approval of three codes of management practice for student accommodation under the Housing Act 2004. The paper also sets out how the primary legislation may be used to approve them and the context in which this approval is being sought. The consultation covers England and Wales and responses are required by 6 October 2005. | ||
| 590 | _aIKA130905 | ||
| 650 | _aHOUSING ACT 2004 S233 | ||
| 690 | _aPROPERTY-RESIDENTIAL PROPERTY-COMMUNAL RESIDENTIAL PROPERTY | ||
| 856 |
_uhttps://www.communities.gov.uk/documents/housing/pdf/142091.pdf _zView the consultation free of charge at www.dclg.gov.uk... |
||
| 942 | _n0 | ||
| 999 |
_c104594 _d104594 |
||